Statistiche per Elenca la formazione - Quiz n°157

Clicka qui per fare il quiz!

Statistiche generali

  • Questo quiz è stato fatto 11 volte
  • Il punteggio medio è 4 su 11

Statistiche sulle risposte

RuoloNazioneCalciatore% Corretto
DifensoreUruguayDiego Godín
100%
AttaccanteUruguayDiego Forlán
90%
AttaccanteArgentinaSergio Agüero
70%
PortiereSpagnaDavid de Gea
60%
DifensoreRepubblica CecaTomáš Ujfaluši
40%
DifensoreColombiaLuis Perea
10%
CentrocampistaSpagnaRaúl García
10%
CentrocampistaPortogalloSimão
10%
DifensoreSpagnaÁlvaro Domínguez
0%
CentrocampistaSpagnaJosé Antonio Reyes
0%
MedianoBrasilePaulo Assunção
0%

Distribuzione punteggi

Percentile per numero di risposta

Percentuale di utenti per punteggio

I tuoi punteggi nel tempo

Non hai fatto questo quiz